[Event "38th Nezhmetdinov Mem"]
[Site "Kazan RUS"]
[Date "2016.06.03"]
[Round "4.27"]
[White "Kalinin, Nikita"]
[Black "Gubajdullin, Alexei"]
[Result "0-1"]
[BlackTitle "FM"]
[WhiteElo "2194"]
[BlackElo "2346"]
[WhiteFideId "24155390"]
[BlackFideId "4141202"]
[EventDate "2016.05.31"]

1. e4 d6 2. d4 Nf6 3. Nc3 g6 4. Nf3 Bg7 5. Be3 a6 6. Qd2 b5 7. Bd3 Bb7 8. a3
Nbd7 9. Bh6 O-O 10. h4 e5 11. Bxg7 Kxg7 12. d5 c6 13. dxc6 Bxc6 14. h5 Nxh5 15.
O-O-O Nc5 16. Nh4 Nf4 17. Kb1 h5 18. g3 Nfxd3 19. cxd3 a5 20. Nd5 Bxd5 21. exd5
b4 22. a4 Qd7 23. f3 f6 24. g4 Nb3 25. Qg2 Qxa4 0-1

[Event "38th Nezhmetdinov Mem"]
[Site "Kazan RUS"]
[Date "2016.06.03"]
[Round "4.28"]
[White "Sargissyan, Sargis"]
[Black "Garafutdinov, Ainur"]
[Result "1-0"]
[WhiteTitle "FM"]
[WhiteElo "2340"]
[BlackElo "2044"]
[WhiteFideId "13303210"]
[BlackFideId "24175498"]
[EventDate "2016.05.31"]

1. e4 e5 2. Nf3 Nc6 3. Bb5 Nf6 4. d3 d6 5. O-O Be7 6. c3 O-O 7. Nbd2 Bd7 8. Re1
Re8 9. Nf1 Bf8 10. Ng3 g6 11. h3 Bg7 12. Ba4 Qe7 13. d4 Nd8 14. Bc2 Rf8 15. Be3
Ne8 16. Qd2 f6 17. Nh2 Nf7 18. f4 c6 19. Bb3 Be6 20. f5 Bxb3 21. axb3 b6 22.
dxe5 Nxe5 23. Bxb6 Qb7 24. Bd4 Qxb3 25. Ra3 Qb7 26. b3 Nc7 27. c4 Rfd8 28. Rd1
Rf8 29. Qe3 a6 30. Nf3 Rfd8 31. Raa1 Rab8 32. Rab1 Ne8 33. Bc3 Qe7 34. Nd4 Rb7
35. Ne6 Rdb8 36. Bxe5 dxe5 37. Nc5 Bh6 38. Qf2 Ra7 39. Rd3 Bf8 40. Ne6 Rab7 41.
Qe3 Ng7 42. Nxf8 Qxf8 43. Rbd1 Qe7 44. Kh2 g5 45. Qf3 Kh8 46. R1d2 Ne8 47. Qd1
Qb4 48. Rd7 Rxd7 49. Rxd7 Ng7 50. Rd8+ Ne8 51. Rd7 Qf8 52. Qh5 Qg8 53. Qh6 c5
54. Nh5 Rb6 55. Re7 Rc6 56. Rd7 Rb6 57. Ra7 Rc6 58. Rd7 Rb6 59. Kh1 Rc6 60. Ng3
Ng7 61. Ne2 Qf8 62. Nc3 Rb6 63. Rc7 Qg8 64. Nd5 Ne8 65. Rxc5 Qg7 66. Qxg7+ Kxg7
67. Rc8 Kf7 68. c5 Rb7 69. c6 Ra7 70. c7 Nd6 71. Rd8 1-0

[Event "38th Nezhmetdinov Mem"]
[Site "Kazan RUS"]
[Date "2016.06.03"]
[Round "4.29"]
[White "Ponfilenok, Vladimir"]
[Black "Skvortsov, Vladimir"]
[Result "1-0"]
[WhiteElo "2395"]
[BlackElo "2016"]
[WhiteFideId "24113522"]
[BlackFideId "24183792"]
[EventDate "2016.05.31"]

1. d4 d5 2. Nf3 Nf6 3. c4 c6 4. e3 e6 5. Bd3 Nbd7 6. Nbd2 dxc4 7. Nxc4 c5 8. O-O
Be7 9. Nce5 O-O 10. Qc2 h6 11. Rd1 cxd4 12. exd4 Nd5 13. a3 Nxe5 14. dxe5 Bd7
15. Qc4 Qb6 16. Qe4 f5 17. exf6 Nxf6 18. Qe2 Nd5 19. Ne5 Ba4 20. Re1 Qd4 21. Nf3
Qf6 22. Qe4 Bc6 23. Qh7+ Kf7 1-0

[Event "38th Nezhmetdinov Mem"]
[Site "Kazan RUS"]
[Date "2016.06.03"]
[Round "4.30"]
[White "Emelianov, Fedor"]
[Black "Tunik, Gennady"]
[Result "0-1"]
[BlackTitle "GM"]
[WhiteElo "2134"]
[BlackElo "2404"]
[WhiteFideId "24140228"]
[BlackFideId "4101219"]
[EventDate "2016.05.31"]

1. e4 c5 2. c3 d5 3. exd5 Qxd5 4. d4 e6 5. Nf3 Nf6 6. Na3 Qd8 7. Nc2 Nc6 8. Bf4
Be7 9. dxc5 Qxd1+ 10. Rxd1 Bxc5 11. Be2 O-O 12. O-O b6 13. Ncd4 Nxd4 14. Nxd4
Bb7 15. Bf3 Bxf3 16. Nxf3 Rfc8 17. Ne5 Nd5 18. Bc1 f6 19. Nd3 Bd6 20. f4 f5 21.
Rfe1 Kf7 22. Kf1 b5 23. g3 a5 24. a3 Ra6 25. Be3 h6 26. Bd4 g5 27. Ne5+ Bxe5 28.
Bxe5 gxf4 29. Bxf4 Nxf4 30. gxf4 Rc4 31. Rd4 Rxd4 32. cxd4 Rd6 33. Rd1 Ke7 34.
Ke2 Rd8 35. Ke3 Rg8 36. Kf3 Rc8 37. Ke2 Kd6 38. Kd3 Rg8 39. Rd2 Rg4 40. Ke3 Rh4
41. Re2 Rh3+ 42. Kd2 Rf3 43. Re5 Rf2+ 44. Kc1 Rxf4 45. Rxb5 Rxd4 46. Rxa5 f4 47.
Ra8 Ke7 48. Ra7+ Kf6 49. Ra8 e5 50. b4 e4 51. Re8 f3 52. b5 Kf7 53. Re5 Kg6 54.
Re6+ Kg5 55. h4+ Kf4 56. b6 Rd7 57. a4 f2 58. Rf6+ Kg3 59. a5 e3 60. a6 e2 0-1

[Event "38th Nezhmetdinov Mem"]
[Site "Kazan RUS"]
[Date "2016.06.03"]
[Round "4.31"]
[White "Korniushin, Nikolay"]
[Black "Ioffe, Dmitry"]
[Result "1-0"]
[WhiteTitle "IM"]
[WhiteElo "2348"]
[BlackElo "2058"]
[WhiteFideId "4123808"]
[BlackFideId "4185617"]
[EventDate "2016.05.31"]

1. Nf3 Nf6 2. g3 g6 3. Bg2 Bg7 4. O-O O-O 5. d4 d6 6. c4 c5 7. dxc5 dxc5 8. Qxd8
Rxd8 9. Ne5 Nfd7 10. Nxd7 Nxd7 11. Rd1 Rb8 12. Bf4 e5 13. Bg5 f6 14. Be3 b6 15.
Bc6 Bf8 16. Nc3 Be7 17. Nb5 a6 18. Na7 Kg7 19. Nxc8 1-0

[Event "38th Nezhmetdinov Mem"]
[Site "Kazan RUS"]
[Date "2016.06.03"]
[Round "4.31"]
[White "Andreev, Viktor"]
[Black "Severina, Maria"]
[Result "0-1"]
[WhiteTitle "FM"]
[BlackTitle "WIM"]
[WhiteElo "2128"]
[BlackElo "2330"]
[WhiteFideId "4133277"]
[BlackFideId "4116909"]
[EventDate "2016.05.31"]

1. e4 e5 2. Nf3 Nc6 3. Bb5 a6 4. Ba4 g6 5. O-O Bg7 6. c3 d6 7. h3 Nf6 8. d4 O-O
9. Re1 Bd7 10. Bg5 Qe8 11. Bc2 h6 12. Be3 Nh5 13. Qc1 Kh7 14. d5 Ne7 15. g4 Nf6
16. Nbd2 Nfg8 17. Nf1 Kh8 18. Nh4 f5 19. exf5 gxf5 20. gxf5 Qh5 21. Ng2 Qxh3 22.
Bd2 Nxf5 23. Nfe3 Nh4 24. Nxh4 Qxh4 25. Re2 Nf6 26. Ng2 Qh5 27. f3 Nxd5 28. Be4
c6 29. Ne3 Nf4 30. Rh2 Nh3+ 31. Kg2 d5 32. Bf5 Rxf5 33. Nxf5 Qxf5 0-1

[Event "38th Nezhmetdinov Mem"]
[Site "Kazan RUS"]
[Date "2016.06.03"]
[Round "4.33"]
[White "Filyanin, Daniil"]
[Black "Musaev, Rasul"]
[Result "1-0"]
[BlackTitle "FM"]
[WhiteElo "2006"]
[BlackElo "2310"]
[WhiteFideId "24177300"]
[BlackFideId "24146870"]
[EventDate "2016.05.31"]

1. e4 e6 2. d4 d5 3. Nc3 Nf6 4. Bg5 dxe4 5. Nxe4 Be7 6. Bxf6 gxf6 7. g3 f5 8.
Nc3 Bf6 9. Nf3 a6 10. Qd2 b5 11. Bg2 Bb7 12. O-O O-O 13. Rad1 Nd7 14. Qf4 Rc8
15. d5 Qe7 16. Rfe1 Nb6 17. dxe6 fxe6 18. Nd4 Bxd4 19. Bxb7 Bxc3 20. bxc3 Rb8
21. Bc6 Rf6 22. Kg2 Qc5 23. Bf3 h6 24. Rd3 Re8 25. Re5 Qe7 26. Bh5 Rc8 27. Qd4
Nc4 28. Rc5 Rff8 29. Rc6 f4 30. Qe4 Rf6 31. gxf4 Kh8 32. Bg4 Qg7 33. Rg3 Nd6 34.
Qd4 Qe7 35. Rxa6 Rd8 36. Ra7 Nf5 37. Rxc7 1-0

[Event "38th Nezhmetdinov Mem"]
[Site "Kazan RUS"]
[Date "2016.06.03"]
[Round "4.34"]
[White "Terentev, Mikhail"]
[Black "Filipenko, Alexander V"]
[Result "0-1"]
[BlackTitle "IM"]
[WhiteElo "2024"]
[BlackElo "2278"]
[WhiteFideId "24183814"]
[BlackFideId "4104471"]
[EventDate "2016.05.31"]

1. e4 c5 2. Nf3 Nc6 3. d4 cxd4 4. Nxd4 Nf6 5. Nc3 d6 6. f3 e5 7. Nb3 Be7 8. Be3
O-O 9. Qd2 a5 10. Bb5 Be6 11. O-O-O Na7 12. Qe2 Nxb5 13. Qxb5 Bd7 14. Qe2 a4 15.
Nd2 a3 16. b3 Qa5 17. Ndb1 Rfc8 18. Nd5 Nxd5 19. Rxd5 Qc7 20. Kd1 b5 21. c3 Qc6
22. Ke1 Rcb8 23. Rd3 Be6 24. Nd2 d5 25. Kf2 dxe4 26. Nxe4 f5 27. Ng5 Bxg5 28.
Bxg5 e4 29. Re3 h6 30. Bf4 Rf8 31. Rd1 Bd5 32. c4 bxc4 33. bxc4 Bxc4 34. Rc1
Bxe2 35. Rxc6 Bd3 36. Re1 Rfc8 37. Rec1 Rxc6 38. Rxc6 Bb1 39. Rc3 Bxa2 40. Bc1
Bd5 41. Bxa3 Kf7 42. h4 Ke6 43. Ke3 exf3 44. gxf3 Ra4 45. Rc7 Rxh4 46. Rxg7 Rh3
47. Bb2 Bxf3 48. Bd4 Bg4+ 49. Kf2 h5 50. Ra7 f4 51. Ra5 Rh2+ 52. Kg1 Rd2 53. Be5
f3 0-1

[Event "38th Nezhmetdinov Mem"]
[Site "Kazan RUS"]
[Date "2016.06.03"]
[Round "4.35"]
[White "Gagarin, Sergey"]
[Black "Nesterov, Arseniy"]
[Result "0-1"]
[WhiteElo "1997"]
[BlackElo "2273"]
[WhiteFideId "24175463"]
[BlackFideId "24198455"]
[EventDate "2016.05.31"]

1. e4 e5 2. Nf3 Nc6 3. Bb5 a6 4. Bxc6 dxc6 5. Nc3 Qf6 6. d4 exd4 7. Qxd4 Bg4 8.
e5 Qg6 9. Nh4 Qh5 10. h3 Be6 11. Nf3 Qg6 12. Ng5 Bf5 13. Nce4 h6 14. g4 Bd7 15.
Nf3 c5 16. Qe3 Bc6 17. Nfd2 O-O-O 18. Rg1 Ne7 19. c4 Nf5 20. gxf5 Qxg1+ 21. Ke2
Rd4 22. b3 Bxe4 23. Bb2 Rxd2+ 24. Kxd2 Qg2 25. e6 fxe6 26. fxe6 Be7 0-1

[Event "38th Nezhmetdinov Mem"]
[Site "Kazan RUS"]
[Date "2016.06.03"]
[Round "4.36"]
[White "Davydov, Sergey P."]
[Black "Tishova, Svetlana"]
[Result "1/2-1/2"]
[WhiteTitle "FM"]
[WhiteElo "2266"]
[BlackElo "1946"]
[WhiteFideId "4123182"]
[BlackFideId "24173550"]
[EventDate "2016.05.31"]

1. d4 Nf6 2. Nf3 e6 3. c4 d5 4. Nc3 dxc4 5. e3 a6 6. a4 c5 7. Bxc4 Nc6 8. O-O
Be7 9. h3 O-O 10. dxc5 Bxc5 11. Qe2 e5 12. Rd1 Qe7 13. e4 Nd4 14. Nxd4 Bxd4 15.
Bg5 Be6 16. Nd5 Bxd5 17. Bxd5 h6 18. Bxf6 Qxf6 19. Ra3 Qe7 20. Rb3 Rab8 21. Rc1
Qd7 22. Rc4 Rfc8 23. Rf3 Rxc4 24. Qxc4 Rf8 25. b3 g6 26. a5 Qe7 27. g4 Kg7 28.
b4 Qd7 29. Kg2 f6 30. Be6 Qd6 31. Rb3 Re8 32. Bd5 Re7 33. b5 Rc7 34. Qd3 f5 35.
gxf5 gxf5 36. Qg3+ Qg6 37. exf5 Qxg3+ 38. fxg3 Kf6 39. Be4 h5 40. h4 Ke7 41. Kf3
Kf6 42. Ke2 Rg7 43. Kf3 Rc7 44. g4 hxg4+ 45. Kxg4 Rg7+ 46. Kh3 Rh7 47. bxa6 bxa6
48. Rf3 Rc7 49. Bd3 Bc3 50. Rg3 Rg7 51. Rg6+ Rxg6 52. fxg6 Bxa5 53. h5 Bd2 54.
Bxa6 Bc1 55. Kg4 1/2-1/2

[Event "38th Nezhmetdinov Mem"]
[Site "Kazan RUS"]
[Date "2016.06.03"]
[Round "4.37"]
[White "Lilov, Aleksandr"]
[Black "Bilan, Danila"]
[Result "0-1"]
[WhiteElo "1935"]
[BlackElo "2244"]
[WhiteFideId "24180513"]
[BlackFideId "24161918"]
[EventDate "2016.05.31"]

1. e4 c5 2. Nf3 e6 3. d4 cxd4 4. Nxd4 a6 5. Nc3 Qc7 6. Qf3 Nc6 7. Be3 b5 8. Qg3
Bd6 9. f4 Nxd4 10. Bxd4 Ne7 11. e5 Bc5 12. Bxc5 Qxc5 13. Bd3 Bb7 14. O-O-O O-O
15. Bxh7+ Kxh7 16. Rxd7 Bc6 17. Qh4+ Kg8 18. Rxe7 b4 19. f5 exf5 20. Nd1 Be4 21.
c3 bxc3 22. bxc3 Rfd8 23. e6 Qa3+ 0-1

[Event "38th Nezhmetdinov Mem"]
[Site "Kazan RUS"]
[Date "2016.06.03"]
[Round "4.38"]
[White "Nebolsina, Vera"]
[Black "Spiridonova, Yana"]
[Result "1-0"]
[WhiteTitle "WGM"]
[WhiteElo "2186"]
[BlackElo "1824"]
[WhiteFideId "4163591"]
[BlackFideId "24174262"]
[EventDate "2016.05.31"]

1. Nf3 Nf6 2. g3 g6 3. Bg2 Bg7 4. O-O O-O 5. d4 d5 6. c4 e6 7. Nc3 b6 8. cxd5
exd5 9. Bf4 a6 10. Rc1 Bb7 11. b4 Nbd7 12. a4 c6 13. b5 c5 14. dxc5 bxc5 15. Ne5
Re8 16. Nc6 Bxc6 17. bxc6 Nf8 18. c7 Qe7 19. Nxd5 Nxd5 20. Qxd5 Ne6 21. Bd6 Qd7
22. Qc6 Qc8 23. Qxa8 Qxa8 24. Bxa8 Rxa8 25. Rb1 1-0

[Event "38th Nezhmetdinov Mem"]
[Site "Kazan RUS"]
[Date "2016.06.03"]
[Round "4.39"]
[White "Dzhangobegov, Vladimir"]
[Black "Galiev, Irek"]
[Result "1-0"]
[WhiteTitle "FM"]
[WhiteElo "2315"]
[BlackElo "1859"]
[WhiteFideId "4180984"]
[BlackFideId "34147150"]
[EventDate "2016.05.31"]

1. e4 c5 2. Nf3 e6 3. g3 Nc6 4. Bg2 d6 5. d4 cxd4 6. Nxd4 Qb6 7. Nxc6 bxc6 8.
O-O Ba6 9. Re1 Be7 10. b3 Nf6 11. Ba3 Rd8 12. c4 O-O 13. Nc3 Bb7 14. Qc2 Qa5 15.
Na4 Rfe8 16. Rab1 Qh5 17. Qd1 Qg6 18. Qe2 d5 19. Bxe7 Rxe7 20. Nc5 Ba8 21. Rbd1
Nd7 22. Nxd7 Rexd7 23. exd5 cxd5 24. Bxd5 Bxd5 25. Rxd5 Rxd5 26. cxd5 Rxd5 27.
Qa6 h6 28. Qxa7 Qc2 29. b4 Qd2 30. Rb1 Qc2 31. Re1 Qd2 32. Rb1 Qc2 33. Rf1 Qc3
34. a3 Kh7 35. Qxf7 Qxa3 36. Qxe6 Rd4 37. Qf5+ Kg8 38. Qe6+ Kh7 39. Qf5+ Kg8 40.
Re1 Rd8 41. b5 Qb2 42. Rb1 Qd4 43. b6 Rf8 44. Qxf8+ 1-0

[Event "38th Nezhmetdinov Mem"]
[Site "Kazan RUS"]
[Date "2016.06.03"]
[Round "4.40"]
[White "Novikov, Roman"]
[Black "Glukhov, Alexander"]
[Result "1/2-1/2"]
[WhiteElo "1981"]
[BlackElo "2286"]
[WhiteFideId "24198498"]
[BlackFideId "4178882"]
[EventDate "2016.05.31"]

1. e4 c5 2. Nf3 e6 3. c3 d5 4. exd5 Qxd5 5. d4 Nf6 6. Be2 Nc6 7. O-O Be7 8. Be3
Ng4 9. Bf4 O-O 10. c4 Qf5 11. Be3 Nxe3 12. fxe3 Qe4 13. Qd2 cxd4 14. exd4 Bf6
15. Rd1 Nxd4 16. Nxd4 Rd8 17. Nc3 Qxd4+ 18. Qxd4 Rxd4 19. Nb5 Rxd1+ 20. Rxd1 Kf8
21. b3 Be7 22. Bf3 Bc5+ 23. Kf1 Ke7 24. Re1 Rb8 25. Re5 Bd6 26. Rh5 g6 27. Rxh7
Bc5 28. Rh8 Kd7 29. Rh7 Ke7 30. Rh8 Ra8 31. Nc7 Bd4 32. Rg8 Rb8 33. Nb5 Be5 34.
Nxa7 Bd7 35. Rxb8 Bxb8 36. Nb5 Bxb5 37. cxb5 b6 38. h3 f5 39. a4 e5 40. Bd5 Kf6
41. Ke2 1/2-1/2

[Event "38th Nezhmetdinov Mem"]
[Site "Kazan RUS"]
[Date "2016.06.03"]
[Round "4.41"]
[White "Pogorelskikh, Sergey"]
[Black "Matskevich, Ivan"]
[Result "1-0"]
[WhiteTitle "FM"]
[WhiteElo "2281"]
[BlackElo "1976"]
[WhiteFideId "4187024"]
[BlackFideId "34191930"]
[EventDate "2016.05.31"]

1. e4 c5 2. Nf3 d6 3. d4 cxd4 4. Nxd4 Nf6 5. Nc3 a6 6. Bg5 e6 7. f4 Be7 8. Qf3
Nbd7 9. O-O-O Qc7 10. Bd3 b5 11. Rhe1 Bb7 12. f5 e5 13. Nb3 b4 14. Ne2 a5 15.
Kb1 O-O 16. g4 a4 17. Nd2 Rfc8 18. h4 Nc5 19. Rc1 b3 20. a3 bxc2+ 21. Rxc2 Qa5
22. Rec1 Ba6 23. Bxa6 Qxa6 24. Bxf6 Bxf6 25. g5 Bd8 26. g6 Qb5 27. gxf7+ Kf8 28.
Nc3 Qd3 29. Nd5 Rcb8 30. Qxd3 Nxd3 31. Rd1 Nc5 32. h5 Kxf7 33. Nc3 Ra6 34. Nc4
Be7 35. Rcd2 Rd8 36. Nxe5+ dxe5 37. Rxd8 Bxd8 38. Rxd8 Rh6 39. Rd5 Nb3 40. Nxa4
Rxh5 41. Nc5 Rh1+ 42. Kc2 Nd4+ 43. Kd3 Rh3+ 44. Kc4 Nf3 45. a4 Rh2 46. a5 h5 47.
Rd7+ Kg8 48. Ne6 Rc2+ 49. Kb5 Nd4+ 50. Nxd4 exd4 51. Rxd4 h4 52. a6 1-0

[Event "38th Nezhmetdinov Mem"]
[Site "Kazan RUS"]
[Date "2016.06.03"]
[Round "4.42"]
[White "Galaktionov, Artem"]
[Black "Isaykin, Artem"]
[Result "1/2-1/2"]
[WhiteElo "2181"]
[BlackElo "1973"]
[WhiteFideId "24175471"]
[BlackFideId "34165344"]
[EventDate "2016.05.31"]

1. d4 Nf6 2. Nf3 e6 3. c4 Bb4+ 4. Bd2 Qe7 5. Nc3 b6 6. g3 Bb7 7. Bg2 O-O 8. O-O
d6 9. Qc2 Nbd7 10. a3 Bxc3 11. Bxc3 Be4 12. Qc1 Ne8 13. b4 f5 14. Rd1 Rc8 15.
Qe3 d5 16. cxd5 Bxd5 17. Ng5 Nef6 18. f3 Rfe8 19. Qd2 h6 20. Nh3 Ba8 21. Nf4 c5
22. dxc5 bxc5 23. bxc5 Nxc5 24. Bb4 a5 25. Bxc5 Rxc5 26. Nd3 Rd5 27. Qc3 e5 28.
Qb3 Qa7+ 29. Kf1 Kh7 30. Bh3 g6 31. Rac1 Rd7 32. Nc5 Rxd1+ 33. Qxd1 Nd5 34. Qd2
Rc8 35. Ne6 Qd7 36. Nc5 Qa7 37. Ne6 Qd7 38. Nc5 Qa7 39. Nb3 Rxc1+ 40. Qxc1 e4
41. fxe4 fxe4 42. Be6 Ne3+ 43. Ke1 Ng2+ 44. Kd1 Qg1+ 45. Kc2 Qb6 46. Bh3 a4 47.
Na1 Ne3+ 48. Kd2 Qa5+ 49. Qc3 Nc4+ 50. Kc2 Qc5 51. Be6 Nxa3+ 52. Kb2 Qxc3+ 53.
Kxc3 Nb5+ 54. Kb4 Nd4 55. Bc4 Kg7 56. Kxa4 g5 57. Kb4 Kf6 58. Kc3 Ke5 59. Nb3
Nf5 60. Kd2 h5 61. e3 1/2-1/2

[Event "38th Nezhmetdinov Mem"]
[Site "Kazan RUS"]
[Date "2016.06.03"]
[Round "4.43"]
[White "Mirzaeva, Gulnara"]
[Black "Smougalev, Gennady"]
[Result "0-1"]
[BlackTitle "FM"]
[WhiteElo "1973"]
[BlackElo "2161"]
[WhiteFideId "24178780"]
[BlackFideId "4122410"]
[EventDate "2016.05.31"]

1. e4 e5 2. Nf3 Nc6 3. Bc4 Nf6 4. d3 Be7 5. c3 d6 6. O-O O-O 7. a4 Na5 8. Ba2 c5
9. b4 cxb4 10. cxb4 Nc6 11. b5 Nb8 12. h3 Nbd7 13. Nc3 Nc5 14. Bb2 a5 15. d4
exd4 16. Qxd4 Be6 17. Nd5 Ncxe4 18. Nxf6+ Bxf6 19. Qxe4 Bxb2 20. Rab1 d5 21. Qd3
Bf6 22. Rfd1 Rc8 23. b6 Rc5 24. Nd2 Qc8 25. Rb5 Rd8 26. Nf1 Qc6 27. Rdb1 h6 28.
Ng3 Rc1+ 29. Rxc1 Qxc1+ 30. Kh2 Qc3 31. Bb1 g6 32. Ne2 Qxd3 33. Bxd3 Rd6 34.
Rxa5 Rxb6 35. g3 Be5 36. Kg2 Kg7 37. h4 h5 38. Rb5 Rxb5 39. Bxb5 Kf6 40. Nc1 b6
41. Kf3 Bc3 42. Ke2 Ke7 43. Nd3 f6 44. Nf4 Bf7 45. Kd3 Be1 46. Ke2 Bb4 47. Bd3
g5 48. Ng2 Be8 49. Bc2 Kd6 50. f4 g4 51. Ne3 Kc5 52. Bb3 Bc6 53. Nf5 Bc3 54. Ne7
Bb7 55. Bc2 Ba6+ 56. Kf2 Bd4+ 57. Ke1 Bc3+ 58. Kf2 d4 59. Bg6 Kd6 60. Ng8 Ke6
61. Bxh5 f5 62. Be8 d3 63. Bb5 d2 64. Be2 Bb7 65. Bc4+ Kd6 66. Bb3 Be4 67. Nh6
Ke7 68. Ke3 Bb1 69. Nf7 Ba2 70. Bc2 Bxf7 0-1

[Event "38th Nezhmetdinov Mem"]
[Site "Kazan RUS"]
[Date "2016.06.03"]
[Round "4.44"]
[White "Parnali, S Dharia"]
[Black "Tretyakov, Stepan"]
[Result "1-0"]
[WhiteTitle "WIM"]
[WhiteElo "2160"]
[BlackElo "1967"]
[WhiteFideId "5043131"]
[BlackFideId "24198820"]
[EventDate "2016.05.31"]

1. d4 Nf6 2. g3 e6 3. Bg2 d5 4. c4 Bb4+ 5. Bd2 Be7 6. Nf3 O-O 7. O-O c6 8. Qb3
Nbd7 9. Nc3 Nb6 10. c5 Nc4 11. Bf4 b6 12. cxb6 axb6 13. Rfd1 Nh5 14. Bc1 f5 15.
Ne5 Nxe5 16. dxe5 g5 17. e4 fxe4 18. Nxe4 Qc7 19. Nxg5 Qxe5 20. f4 Bc5+ 21. Kh1
Qg7 22. Be3 Bd7 23. Re1 Rae8 24. Bxc5 bxc5 25. Re5 h6 26. Bh3 Rf6 27. Rae1 Qg6
28. Qb7 Bc8 29. Qxc6 Ng7 30. Nf3 Qc2 31. R5e2 Qd3 32. Ne5 Qd4 33. a4 Qb4 34. Nd3
Qc4 35. Nxc5 d4 36. Qb5 Qxb5 37. axb5 Nf5 38. b6 Re7 39. Bxf5 Rxf5 40. b4 Bb7+
41. Kg1 Kf7 42. Nxe6 Rd7 43. Nc5 d3 44. Nxd3 Ba6 45. Ne5+ 1-0

[Event "38th Nezhmetdinov Mem"]
[Site "Kazan RUS"]
[Date "2016.06.03"]
[Round "4.45"]
[White "Ashrafzianov, Igor"]
[Black "Khazieva, Elza"]
[Result "1-0"]
[BlackTitle "WFM"]
[WhiteElo "1962"]
[BlackElo "2147"]
[WhiteFideId "24122572"]
[BlackFideId "4100166"]
[EventDate "2016.05.31"]

1. d4 Nf6 2. Nf3 e6 3. c4 b6 4. g3 Bb7 5. Bg2 Be7 6. Nc3 Ne4 7. Qc2 Nxc3 8. Qxc3
O-O 9. O-O d6 10. Rd1 Be4 11. Bf1 f5 12. Nd2 Bb7 13. Re1 Bf6 14. Qd3 Nc6 15. e3
Qe8 16. a3 a5 17. Bg2 g6 18. b3 e5 19. Bxc6 Bxc6 20. d5 e4 21. Qb1 Bb7 22. Bb2
Qe7 23. b4 axb4 24. axb4 b5 25. Rd1 Rxa1 26. Bxa1 Ra8 27. Bxf6 Qxf6 28. Qc2 Qf7
29. Nb1 bxc4 30. Qxc4 Ra1 31. Kg2 Bxd5 32. Qd4 Bb3 33. Rc1 Ra8 34. Qc3 Rc8 35.
h4 Bd5 36. Na3 f4 37. exf4 Qe6 38. Qe3 Rf8 39. Nb5 Qg4 40. Nxc7 Qf3+ 41. Qxf3
exf3+ 42. Kh2 Rc8 43. g4 Be4 44. Rc3 1-0

[Event "38th Nezhmetdinov Mem"]
[Site "Kazan RUS"]
[Date "2016.06.03"]
[Round "4.46"]
[White "Murzin, Lenar"]
[Black "Shafigullina, Zarina"]
[Result "1-0"]
[WhiteTitle "IM"]
[WhiteElo "2104"]
[BlackElo "1901"]
[WhiteFideId "4116461"]
[BlackFideId "24174220"]
[EventDate "2016.05.31"]

1. d4 f5 2. g3 Nf6 3. Bg2 g6 4. Nf3 Bg7 5. O-O O-O 6. c4 d6 7. Nc3 Qe8 8. d5 Na6
9. Rb1 Nc5 10. Be3 e5 11. dxe6 Bxe6 12. Nd5 Qd7 13. Ng5 Nfe4 14. Bxe4 fxe4 15.
Bxc5 Bf5 16. Nxc7 Qxc7 17. Qd5+ Kh8 18. Bxd6 Qd7 19. Bxf8 Rxf8 20. Qxd7 Bxd7 21.
Nxe4 Bf5 22. f3 Bd4+ 23. Kg2 Re8 24. b3 Bxe4 25. fxe4 Rxe4 1-0

[Event "38th Nezhmetdinov Mem"]
[Site "Kazan RUS"]
[Date "2016.06.03"]
[Round "4.47"]
[White "Akhtariev, Andrey"]
[Black "Mukhutdinov, Tigran"]
[Result "1/2-1/2"]
[WhiteElo "1927"]
[BlackElo "2098"]
[WhiteFideId "34112275"]
[BlackFideId "34108570"]
[EventDate "2016.05.31"]

1. e4 e5 2. Nf3 Nc6 3. Nc3 Nf6 4. Be2 d5 5. exd5 Nxd5 6. O-O Be7 7. d4 exd4 8.
Nxd4 Nxc3 9. bxc3 O-O 10. Bf3 Ne5 11. Bf4 Nxf3+ 12. Qxf3 Bd6 13. Rfd1 Qf6 14.
Bxd6 Qxd6 15. Rab1 c6 16. h3 Qc7 17. c4 Bd7 18. c5 Rab8 19. Rb3 Rbd8 20. Rbd3 b6
21. Nb3 f6 22. Rd6 Rf7 23. Qd3 Re8 24. c4 Rfe7 25. g4 Bc8 26. cxb6 axb6 27. c5
Be6 28. cxb6 Qxb6 29. Qc3 Qa7 30. Nd4 Bd5 31. Nxc6 Bxc6 32. Qc4+ Kf8 33. Rxc6
Re2 34. Rf1 Qxa2 35. Qxa2 Rxa2 36. Kg2 Ree2 37. Rc7 h6 38. Kg3 Kg8 39. h4 Ra3+
40. f3 Ree3 41. h5 1/2-1/2

[Event "38th Nezhmetdinov Mem"]
[Site "Kazan RUS"]
[Date "2016.06.03"]
[Round "4.48"]
[White "Chumak, Dmitrii"]
[Black "Mamontova, Anastasia"]
[Result "0-1"]
[WhiteElo "1826"]
[BlackElo "2065"]
[WhiteFideId "34106658"]
[BlackFideId "34100234"]
[EventDate "2016.05.31"]

1. e4 c6 2. d4 d5 3. Nc3 dxe4 4. Nxe4 Nf6 5. Nxf6+ exf6 6. c3 Bd6 7. Bd3 O-O 8.
Qc2 Kh8 9. Ne2 Re8 10. h3 Nd7 11. O-O Nf8 12. Bf4 Rxe2 13. Qxe2 Bxf4 14. Rfe1
Be6 15. Qf3 Bc7 16. Re3 Qd6 17. Rae1 Bd5 18. Be4 Bxa2 19. g3 g6 20. h4 f5 21.
Bd3 Bd5 22. Qf4 Qxf4 23. gxf4 Bxf4 24. Re8 Rxe8 25. Rxe8 Kg7 26. Re7 b5 27. Rxa7
Bc1 28. b3 Bxb3 29. Rc7 Bd5 30. c4 bxc4 31. Bxc4 Bf4 0-1

[Event "38th Nezhmetdinov Mem"]
[Site "Kazan RUS"]
[Date "2016.06.03"]
[Round "4.49"]
[White "Markelova, Lubov"]
[Black "Dolgaeva, Evgenia"]
[Result "1-0"]
[WhiteTitle "WFM"]
[WhiteElo "2059"]
[BlackElo "1879"]
[WhiteFideId "24131369"]
[BlackFideId "24174564"]
[EventDate "2016.05.31"]

1. Nf3 c5 2. c4 Nc6 3. Nc3 e5 4. g3 g6 5. Bg2 Bg7 6. O-O Nge7 7. a3 O-O 8. Rb1
d6 9. b4 f5 10. b5 Nd4 11. Ne1 f4 12. e3 Ne6 13. Nd5 Nxd5 14. Bxd5 Kh8 15. Bb2
Ng5 16. exf4 exf4 17. Bxg7+ Kxg7 18. Qb3 Qf6 19. Nf3 fxg3 20. fxg3 Bh3 21. Qc3
Ne6 22. Ng5 Qxc3 23. Nxe6+ Bxe6 24. dxc3 Bxd5 25. cxd5 Rxf1+ 26. Rxf1 Re8 27.
Rf4 Re1+ 28. Kf2 Rb1 29. a4 Rd1 30. Re4 Kf7 31. c4 Ra1 32. Re6 Rxa4 33. Rxd6 Ke7
34. Re6+ Kd7 35. Re4 Rb4 36. Kf3 a6 37. bxa6 bxa6 38. Kf4 a5 39. Ke5 Rb6 40. Rf4
Kc7 41. Rf2 a4 42. Ra2 Ra6 43. Ra3 Kd7 44. g4 h6 45. h4 Ke7 46. d6+ Kd7 47. Kd5
Rxd6+ 48. Kxc5 Ra6 49. Kb5 Re6 50. Rxa4 g5 51. h5 Re4 52. c5 Re1 53. Ra7+ Kc8
54. Kc6 Re6+ 55. Kd5 Rf6 56. Re7 Rf4 57. Re4 Rf6 58. Re6 Rf4 59. Kc6 Kd8 60.
Rxh6 1-0